|
|
|
|
| LEADER |
01616nam a22003977a 4500 |
| 001 |
35564 |
| 003 |
BD-DhAAL |
| 005 |
20250820100410.0 |
| 008 |
191218t1975 waua|||| b||| 001 0 eng d |
| 040 |
|
|
|a BD-DhAAL
|c BD-DhAAL
|
| 082 |
|
|
|a 370.78073
|
| 245 |
|
|
|a Review of research in education.
|n Volume 1 /
|c edited by Fred N. Kerlinger; contributors, Robert M. Gagne ...[et..al].
|
| 246 |
|
|
|a Review of research in education
|
| 260 |
|
|
|a Washington, D.C. :
|b American Educational Research Association,
|c 1973.
|
| 300 |
|
|
|a x, 337pages :
|b illustrations ;
|c 24 cm.
|
| 362 |
|
|
|a Vol. 1
|
| 504 |
|
|
|a Includes bibliographical references and indexes.
|
| 526 |
|
|
|a BIED
|
| 541 |
|
|
|a Complimentary copy from BIED
|e 35565
|
| 650 |
|
|
|a Education
|x Research
|z United States
|v Periodicals.
|9 35427
|
| 650 |
|
|
|a Education
|x Research.
|9 35428
|
| 650 |
|
|
|a Social science.
|9 35555
|
| 700 |
|
|
|a Kerlinger, Fred N.
|9 11964
|
| 700 |
|
|
|a Gagne, Robert M.
|9 35430
|
| 700 |
|
|
|a Baldin, Alfred L.
|9 35431
|
| 700 |
|
|
|a Berline, David C.
|9 35432
|
| 700 |
|
|
|a Cahen, Leonadr S.
|9 35433
|
| 700 |
|
|
|a Marrill, M. David.
|9 35434
|
| 700 |
|
|
|a Boutwell, Richard C.
|9 35435
|
| 700 |
|
|
|a Muse, Donald N.
|9 35436
|
| 700 |
|
|
|a Sloan, Douglas.
|9 35437
|
| 710 |
|
|
|a American Educational Research Association,
|e issuing body.
|9 35441
|
| 852 |
|
|
|a Ayesha Abed Library
|
| 942 |
|
|
|2 ddc
|c BK
|
| 999 |
|
|
|c 42068
|d 42068
|
| 952 |
|
|
|0 0
|1 0
|2 ddc
|4 0
|6 370_780730000000000_REV
|7 0
|9 67503
|a BRACUL
|b BRACUL
|c GEN
|d 2019-12-18
|e Complimentary copy from BIED
|l 0
|o 370.78073 REV
|p 3010035564
|r 2019-12-18
|t 1
|w 2019-12-18
|y BK
|x Transferred from BIED to General Stacks
|